000 00856nam a2200241 a 4500
001 56202
003 BD-RjUL
005 20211209080351.0
008 161127s1983 bg ||||| |||| 00| 0 ben d
020 _c: TK 65.00
035 _a(BD-RjUL) 56326
040 _aBD-RjUL
_bben
_cBD-RjUL
041 _aben
082 _223
_a657.8
_bMAU 1983
100 _aমণ্ডল, এম,এ,
_9146308
245 1 0 _aউৎপাদনব্যয় হিসাবনিকাশ = Cost Accounting /
_cএম,এ, মণ্ডল
250 _a৩য় সং .
260 _aরাজশাহী :
_bমিসেস আখতার বানু,
_c১৯৮৩
300 _aখণ্ড. :
_bচিত্র ;
_c২১ সেমি .
650 _aহিসাববিজ্ঞান
_9167261
650 _aAccounting
_9167262
942 _2ddc
_cBK
999 _c56202
_d56202